000 00719nam a2200253Ia 4500
003 OSt
005 20221006153424.0
006 a|||||r|||| 00| 0
007 ta
008 221006b |||||||| |||| 00| 0 kor d
020 _cW 9,000
024 _a32,290
037 _bGift, Korean Embassy
_cTextual
040 _aEASL
_cEASL
_bkor
041 _2kor
_akor
082 _aY7495:72, P5
100 _aMA Hyeon-joon Au.
_9663850
245 0 _aDaehak. jungyong
_b balkeum maeumeul chajaganeun baeoumgwa dori
260 _aSeoul
_bPulbit
_c2005
300 _a180p.
_ccm.
490 _v KL
942 _hY7495:72, P5
_cTEXL
_2CC
999 _c1100376
_d1100376